<?xml version="1.0" encoding="UTF-8"?>
<marc:record xmlns:marc="http://www.loc.gov/MARC21/slim">
   <marc:leader>00000nam a2200000 a 4500</marc:leader>
   <marc:datafield ind1="0" ind2="0" tag="245">
      <marc:subfield code="a">Bob der Baumeister - Bobs fleißige Helfer</marc:subfield>
   </marc:datafield>
   <marc:datafield ind1="0" ind2="0" tag="245">
      <marc:subfield code="b">Tolle Geschichten rund ums Baggern, Schaufeln und Reparieren.</marc:subfield>
   </marc:datafield>
   <marc:datafield ind1=" " ind2="1" tag="264">
      <marc:subfield code="b">DVD Video</marc:subfield>
      <marc:subfield code="c">2008</marc:subfield>
   </marc:datafield>
   <marc:datafield ind1="1" ind2=" " tag="520">
      <marc:subfield code="a">"Baggi trägt die Verantwortung" Bob und Wendy sind zum Mittagessen im Rathaus eingeladen. Baggi muss daher ganz allein die Verantwortung für eine Baustelle übernehmen - es geht ausgerechnet um den Bau einer Garage für den Bürgermeister. Weil er außer der Verantwortung nichts weiter tragen möchte, gibt es ein bisschen Streit und es geht allerhand schief; schließlich überfährt Baggi sogar versehentlich die goldene Uhr des Bürgermeisters.... "Heppo zieht alles an" Heppo bekommt einen Magneten an seinen Haken, damit er besser helfen kann,......</marc:subfield>
   </marc:datafield>
   <marc:datafield ind1=" " ind2=" " tag="020">
      <marc:subfield code="a">886972088396</marc:subfield>
      <marc:subfield code="9">886972088396</marc:subfield>
   </marc:datafield>
   <marc:datafield ind1="0" ind2=" " tag="490">
      <marc:subfield code="v">0</marc:subfield>
   </marc:datafield>
   <marc:datafield ind1=" " ind2=" " tag="300">
      <marc:subfield code="a">40 Min.</marc:subfield>
   </marc:datafield>
</marc:record>
